000 00340nam a2200145Ia 4500
005 20251222175933.0
008 251222s9999||||xx |||||||||||||| ||spa||
020 _a8422664429
082 _a829/S47
100 _aSheldon, Sidney
245 0 _aMañana, Tarde y Noche
250 _a1ra.ed.
264 _bCírculo de Lectores
942 _cLIB
999 _c41097
_d41097